| 000 | 00527nam a2200193 a 4500 | ||
|---|---|---|---|
| 005 | 20240629063755.0 | ||
| 008 | 991125s1985 mad 000 0 spa u | ||
| 020 | _a8420510696 | ||
| 035 | _aUPN01000026219 | ||
| 049 | _aCG | ||
| 050 | 4 |
_aGV461 _bG5.5 |
|
| 100 | 1 | _aGinés Siu, José | |
| 245 | 1 | 0 |
_aGimnasia deportiva básica : _bsuelo y potro / _cJosé Ginés Siu. |
| 260 |
_aMadrid : _bAlhambra, _c1985. |
||
| 300 |
_aviii, 98 p. : _bil. |
||
| 440 | 0 |
_aDeporte y sociedad ; _v4 |
|
| 650 | 4 |
_aGimnasia _9122 |
|
| 905 | _aLibro | ||
| 999 |
_c26219 _d26219 |
||